| 000 | 00916nam a22001457a 4500 | ||
|---|---|---|---|
| 008 | 110616t xxu||||| |||| 00| 0 eng d | ||
| 010 | _aCACAF53 | ||
| 245 | _aCourt of Appeal Civil Appeal No. 44 OF 1998 Kitgum District Administration Vs Print Stationery Supplies (U) LTD | ||
| 260 | _c1998 | ||
| 500 | _aCoram: Hon. Mr. Justice G.M. Kato, J.A Hon. Mr. Justice J.P. Berko, J.A Hon. Lady Justice C.N.B. Kitumba, J.A | ||
| 500 | _aAppeal from the ruling and order of the High Court of Uganda at Kampala Mr. Justice I. Mukanza of the 23rd day February, 1996 in Civil Suit No. 926 of 1994 | ||
| 999 |
_c3181 _d3181 |
||